Fourier series, transforms and boundary value problems (Record no. 43934)

MARC details
000 -LEADER
fixed length control field 01198nam a2200265 a 4500
008 - FIXED-LENGTH DATA ELEMENTS--GENERAL INFORMATION
fixed length control field 120416s1990 ||||||||||||||||| || u
020 ## - INTERNATIONAL STANDARD BOOK NUMBER
International Standard Book Number 0471619833
050 ## - LIBRARY OF CONGRESS CALL NUMBER
Classification number QA 379 Han
100 ## - MAIN ENTRY--PERSONAL NAME
Personal name Rowland, John H
245 10 - TITLE STATEMENT
Title Fourier series, transforms and boundary value problems
250 ## - EDITION STATEMENT
Edition statement 2nd ed.
260 ## - PUBLICATION, DISTRIBUTION, ETC.
Place of publication, distribution, etc. New York
Name of publisher, distributor, etc. John Wiley and Sons
Date of publication, distribution, etc. 1990
300 ## - PHYSICAL DESCRIPTION
Extent xii, 354p. : ill
350 ## - PRICE (NR) (BK AM CF MU VM SE) [OBSOLETE]
Price 0.00
490 ## - SERIES STATEMENT
Series statement Pure and applied mathematics
490 ## - SERIES STATEMENT
Volume/sequential designation Pure and applied mathematics (John Wiley & Sons : unnumbered)
500 ## - GENERAL NOTE
General note Rev. ed. of: Fourier series and integrals of boundary value problems. c1982. -"A Wiley-Interscience publication." -Includes bibliographical references (p. 315-316) and index.
650 #0 - SUBJECT ADDED ENTRY--TOPICAL TERM
Topical term or geographic name entry element MATHEMATICS--HANDBOOKS, MANUALS, ETC
650 ## - SUBJECT ADDED ENTRY--TOPICAL TERM
Topical term or geographic name entry element BOUNDARY VALUE PROBLEMS--PROBLEMS, EXERCISES, ETC.
650 ## - SUBJECT ADDED ENTRY--TOPICAL TERM
Topical term or geographic name entry element FOURIER SERIES
700 ## - ADDED ENTRY--PERSONAL NAME
Personal name Hanna, J. Ray
856 ## - ELECTRONIC LOCATION AND ACCESS
Uniform Resource Identifier <a href="http://www.loc.gov/catdir/toc/onix01/89025089.html">http://www.loc.gov/catdir/toc/onix01/89025089.html</a>
856 ## - ELECTRONIC LOCATION AND ACCESS
Uniform Resource Identifier <a href="http://www.loc.gov/catdir/description/wiley031/89025089.html">http://www.loc.gov/catdir/description/wiley031/89025089.html</a>
995 ## - RECOMMENDATION 995 [LOCAL, UNIMARC FRANCE]
-- 0.00
-- CBU-MAIN LIBRARY (Kitwe)
-- 1
-- 55.00
-- 1
-- AVAILABLE
-- Main Library Open Access Collection
Holdings
Withdrawn status Lost status Source of classification or shelving scheme Damaged status Not for loan Home library Current library Shelving location Date acquired Total Checkouts Full call number Barcode Date last seen Price effective from Koha item type
          CBU-MAIN LIBRARY, KITWE. CBU-MAIN LIBRARY, KITWE.   11/30/2022   QA 379 Han 011976 11/30/2022 11/30/2022 MONOGRAPH